| 000 | 00839nam a22002897a 4500 | ||
|---|---|---|---|
| 001 | 0049658 | ||
| 003 | KOHA_MİRAKIL | ||
| 005 | 20260207003659.0 | ||
| 007 | ta | ||
| 008 | 150629b2013 tu |||gr||||#||||0|tur | | ||
| 020 | _a9786055216566 | ||
| 040 |
_aTR-BiSEU _btur _cTR-BiSEU _erda |
||
| 041 | 0 | _atur | |
| 044 | _ctu | ||
| 050 |
_aRA784 _b.E74 2013 |
||
| 100 | 1 | _aErgüven, Ahmet Tarık. | |
| 245 | 1 |
_aPaniğe gerek yok : _bkolay, hızlı ve kalıcı form/ _cAhmet Tarık Ergüven ; Ahmet Tarık Ergüven. |
|
| 250 | _a2. Baskı | ||
| 264 | 1 |
_aAnkara : _bDetay _c2013 |
|
| 300 |
_a152 sayfa ; _c22 cm. |
||
| 336 |
_ametin _btxt _2rdacontent |
||
| 337 |
_aaracısız _bn _2rdamedia |
||
| 338 |
_acilt _bnc _2rdacarrier |
||
| 490 | 1 |
_aDetay yayınları ; _v542 |
|
| 830 | 1 |
_aDetay yayınları ; _v542 _91998 |
|
| 942 |
_2lcc _cBK |
||
| 999 |
_c49495 _d49495 |
||